Los Reyes Católicos y otros estudios /

Nacido en La Coruña en 1869 y muerto en 1968 en Madrid, el filólogo Ramón Menéndez Pidal centró su extensa obra fundamentalmente en la historia de la lengua española y los estudios de las literaturas medievales. La leyenda de los infantes de Lara (1896), su primer trabajo, muestra sus intereses prim...

Descripció completa

Guardat en:
Dades bibliogràfiques
Autor principal: Menéndez Pidal, Ramón (autor)
Format: Llibre
Idioma:espanyol
Publicat: Buenos Aires, Argentina : Espasa-Calpe, 1962, c1962
Col·lecció:(Austral ; 1268)
Matèries:
Etiquetes: Afegir etiqueta
Sense etiquetes, Sigues el primer a etiquetar aquest registre!

MARC

LEADER 00000nam^a2200000^a^4500
001 000275726
005 20250521000000.0
008 080507 19621962
009 20260310111241.937
037 |a Acervo Xavier Clavigero 
041 |a ESP 
082 |a 808.  |b AUS V. 1268 
100 |a Menéndez Pidal, Ramón  |e (autor) 
245 1 4 |a Los Reyes Católicos y otros estudios /  |c R. Menéndez Pidal. 
264 4 |a Buenos Aires, Argentina :  |b Espasa-Calpe,  |c 1962, c1962 
300 |a 142 p. 
336 |a texto  |b txt  |2 rdacontenido 
337 |a sin mediación  |b n  |2 rdamedio 
338 |a volumen  |b nc  |2 rdasoporte 
440 1 |a (Austral ;  |v 1268) 
520 |a Nacido en La Coruña en 1869 y muerto en 1968 en Madrid, el filólogo Ramón Menéndez Pidal centró su extensa obra fundamentalmente en la historia de la lengua española y los estudios de las literaturas medievales. La leyenda de los infantes de Lara (1896), su primer trabajo, muestra sus intereses primordiales: el estado latente de fenómenos lingüísticos y/o literarios, la transmisión de variantes de la poesía popular y la relación del cantar con hechos históricos coetáneos. Fundador de la Revista de Filología Española (1914), desempeñó una importante labor en el Centro de estudios históricos, creando a su alrededor una importante escuela de investigadores. Entre sus obras más significativas están la serie de trabajos sobre el Cantar de Mío Cid y su figura histórica, iniciados en 1908; las recolecciones y estudios de romances; el Manual de gramática histórica española (1918); Poesía juglaresca y juglares (1924); Orígenes del español (1926) y La "Chanson de Roland" y el neotradicionalismo (1959). 
649 |a XX 
650 |a Reyes Españoles 
650 |a España -  |x Historia -  |y Fernando e Isabel, 1479-1516 
650 |a España -  |x Historia -  |y Carlos I, 1516-1556 
650 |a Fernando, El Católico, Rey de España 
650 |a Carlos I, Rey de España 
600 |a Isabel, La Católica,  |c Reina de España 
910 |a Fondo General 
920 |a Impresos - Libros 
930 |a Colección General 
940 |a Literatura 
905 |a 101 
901 |a 061275  |b IT1  |c LIT  |u 20250521 
902 |a https://opac.biblio.iteso.mx/vufind/Record/000275726